000 00977nam a2200289 a 4500
001 000014646
003 DO-SdBPM
005 20250804092244.0
008 100118t2006 dr 001 f spa d
020 _a9993494038
040 _aDO-SdBPM
_bspa
_cBPMSU
_drda
082 4 _a232.961
_bO96y 2006
_222
100 1 _aOviedo, Luis Tomás,
_d1952-
_eautor
245 1 0 _aYo, Judas Iscariote /
_cLuis Tomás Oviedo.
264 _aSanto Domingo :
_bAlfa y Omega,
_c2006.
300 _a89 páginas ;
_c22 cm.
336 _atexto
_btxt
_2rdacontent
337 _asin mediación
_bn
_2rdamedia
338 _avolumen
_bnc
_2rdacarrier
500 _aIncluye datos biográficos del autor en la solapa de la cubierta.
590 _aInventariado, 2025/VM
600 1 4 _aJudas Iscariote,
_dca. 28 d. C
_xCrítica e interpretación .
650 7 _aInterpretación de la biblia
650 7 _aCristianismo y literatura
910 _aVMateo V. Control de calidad BPMSU
942 _2ddc
_cBK
999 _c15304
_d15304